| 000 | 00640pam a2200205 a 4500 | ||
|---|---|---|---|
| 020 | _a0412371707 | ||
| 040 | _cDLC | ||
| 082 | 0 | 0 | _a621 CHA 1992 A042 Or. |
| 100 | 1 | _aBarrett, E. C. | |
| 245 | 1 | 0 | _aIntroduction to environmental remote sensing / |
| 250 | _a3rd ed. | ||
| 260 |
_aLondon ; _aNew York : _bChapman & Hall, _c1992. |
||
| 300 |
_axiv, 426 p. : _bill. (some col.) ; _c25 cm. |
||
| 650 | 0 | _aGeography | |
| 650 | 0 | _aRemote sensing. | |
| 700 | 1 | _aCurtis, L. F. | |
| 856 | 4 | 2 | _uhttp://www.loc.gov/catdir/enhancements/fy0838/91036829-d.html |
| 856 | 4 | 1 | _uhttp://www.loc.gov/catdir/enhancements/fy0838/91036829-t.html |
| 942 | _cEK | ||
| 999 |
_c12782 _d12782 |
||